000 01947cad a22002895a 4500
001 L144337
008 190411s2008 xxk f l000 0 eng d
020 _a9781847811776
035 _a(Sirsi) u144337
041 0 _aeng
050 0 4 _a711.1 $2 18
110 2 _aUnited Kingdom
_bGreater London Authority
_95566
245 0 0 _aPlanning for a better London
_h[electronic resource]
260 _aLondon
_bGreater London Authority
_c2008
505 2 _aThe mayor's approach: A new approach -- Planning for the whole of London -- London and its neighbours -- The London Plan -- The Mayor's role -- Planning decisions
505 2 _aKey challenges: Continued population growth -- London's changing economy -- Improving the environment and tackling climate change -- Providing the homes Londoners need -- Planning for all Londoners -- Planning for the whole of London
505 2 _aKey policy responses: Ensuirng London's continued economic success -- Delivering homes for Londoners -- Allowing all Londoners to enjoy their city in safety -- Meeting the environmental challenge -- Keeping London moving -- Planning for London's diverse places
505 2 _aMaking it happen: Changes to the London Plan -- Supplementary planning guidance
520 _aReport sets out the Mayor?s approach to planning issues and explains the key areas he will want to address in revising the London Plan and the other related strategies and guidance he is responsible for. Invites readers to send in views and comments on the topics it covers.
521 _aAdvanced
650 2 4 _aGREATER LONDON AUTHORITY ACT 2007
650 2 4 _aTHE LONDON PLAN
651 4 _aEngland and Wales
_y1543-
690 _aENVIRONMENTAL AND LAND CONSULTANCY-PLANNING AND DEVELOPMENT-PLANNING REFORM
856 4 0 _uhttps://legacy.london.gov.uk/mayor/publications/2008/docs/plan-better-london.pdf
_zView the document free of charge online at http://legacy.london.gov.uk
942 _n0
999 _c108464
_d108464